45 métiers en anglais - Statistiques

Statistiques générales
  • Ce quiz a été pris 903 fois
  • Le résultat moyen est 27 sur 45
Statistiques - réponses
Hint Réponse % Correct
Teacher Instituteur/Professeur
90%
Lawyer Avocat
84%
Hairdresser Coiffeur
84%
Cook Cuisinier
83%
Translator Traducteur
82%
Librarian Bibliothécaire
81%
Firefighter Pompier
81%
Cleaning lady Femme de ménage
80%
Stewardess Hôtesse de l'air
80%
Nurse Infirmière
79%
House painter Peintre en bâtiment
78%
Child care Garde d'enfants
77%
Painter Artiste peintre
75%
Jeweller Bijoutier
75%
Telephone operator Standardiste
74%
Farmer Agriculteur
73%
Wine-grower Vigneron
73%
Fish monger Poissonnier
72%
Cashier Caissier
71%
Baker Boulanger
70%
Delivery man Livreur
70%
Midwife Sage-femme
69%
Postman Facteur
68%
Butcher Boucher
64%
Accountant Comptable
64%
Furniture mover Déménageur
63%
Pastry chef Pâtissier
63%
Waiter Serveur de restaurant
62%
Surgeon Chirurgien
61%
Worker/Workman Ouvrier
56%
Director Réalisateur
56%
Bricklayer Maçon
50%
Private tutor Précepteur
50%
Fisherman Pêcheur
47%
Sweeper Balayeur
46%
Grocer Epicier
46%
Engineer Mécanicien
41%
Sailor Marin
40%
Dustman Eboueur
28%
Lumberjack Bucheron
27%
Blacksmith Forgeron
23%
Joiner/Woodworker Menuisier
20%
Caterer Traiteur
17%
Cabinet maker Ebéniste
14%
Cobbler Réparateur de chaussures
11%
Aucun quiz correspondant
Distribution des résultats
% des personnes avec chaque résultat
Percentile par nombre de réponses
Votre historique - résultats
Vous n’avez pas pris ce quiz